| 000 | 00576nam a2200241 a 4500 | ||
|---|---|---|---|
| 001 | nice12345678 | ||
| 003 | IN_TiNIC | ||
| 005 | 20260116014438.0 | ||
| 008 | 050524s2004 lona grp 000 0 eng | ||
| 020 |
_a1860649637 _c995 |
||
| 082 | 0 | 0 |
_a956 _bHOU |
| 100 | _aHourani, Albert | ||
| 245 | _aModern Middle East | ||
| 260 |
_aLondon _bI.B.Tauris & Co.Ltd _c2004 |
||
| 300 | _a680p | ||
| 500 | _aincludes index and biblioraphy | ||
| 505 | 2 | _aNotes | |
| 700 | 1 | _aPhilip Khoury | |
| 700 | 1 | _aMary C Wilson | |
| 902 | _bSRS | ||
| 942 | _cBK | ||
| 999 |
_c15351 _d15351 |
||